00429nam a22001577a 450000500170000000800410001702000180005802200130007604100130008908200130010210000130011524500400012826000460016830000310021465000260024520240702124119.0240702b |||||||| |||| 00| 0 eng d a9780702184611 a03764605 aEnglish  a349 ANN  lEnglish  aAnnual Survey of South African Law  aCape Town: bJuta and Company Ltd, c2008 blvi, 1284 pages; c23 cm.  aLegal practice bLaw